000 00717nam a2200217 a 4500
001 000033168
003 DO-SdBNP
005 20250623124725.0
008 110818s1952 dr r 000 0 spa d
040 _aDO-SdBNP
_bspa
_cBNPHU
082 _a320.9729
_bC822e
100 1 _aCorominas, Enrique V.
_958812
245 1 0 _aEn las áreas políticas del Caribe /
_cEnrique V. Coromina.
260 _aBuenos aires, Argentina :
_bArtes Gráficas Bartolomé,
_c1952.
300 _a257 p. ;
_c23 cm.
590 _aInventariado, 2018/BT
650 4 _aArbitramento internacional
_936121
651 0 _aCaribe (Región)
_xPolítica y gobierno
_xHistoria
_987401
910 _aValidado. Control de calidad MFF
942 _2ddc
_cLBS1
999 _c32659
_d32659